LEADER 01101nam--2200361---450- 001 990003551970203316 005 20110719130329.0 010 $a88-88321-05-5 035 $a000355197 035 $aUSA01000355197 035 $a(ALEPH)000355197USA01 035 $a000355197 100 $a20110719d2001----km-y0itay50------ba 101 $aita 102 $aIT 105 $ay|||||||001yy 200 1 $aEpistolario 1867-1890$fAgostino Magliani$ga cura di Roberto Rossi$gprefazione di Diomede Ivone 210 $aNapoli$cEditoriale scientifica$d2001 215 $a197 p.$d25 cm 606 0 $aFinanza pubblica$yItalia$z1867-1890$xLettere$2BNCF 676 $a336.45092$v22 700 1$aMAGLIANI,$bAgostino$0126294 701 1$aROSSI,$bRoberto$034749 702 1$aIVONE,$bDiomede 801 0$aIT$bsalbc$gISBD 912 $a990003551970203316 951 $a336.450 MAG 1$b18292 E.C.$c336.450$d00297929 959 $aBK 969 $aECO 979 $aCHIARA$b90$c20110719$lUSA01$h1303 979 $aCHIARA$b90$c20110719$lUSA01$h1303 996 $aEpistolario 1867-1890$91116583 997 $aUNISA LEADER 01006nam0-2200325 --450 001 9910724800503321 005 20231027090233.0 010 $a978-88-15-28020-6 010 $a978-88-15-29951-2$bRist. 2022 020 $aIT$b2019-1230 100 $a20230608d2019----kmuy0itay5050 ba 101 0 $aita 102 $aIT 105 $a 001yy 200 1 $aRinascimento perduto$ela letteratura italiana sotto gli occhi dei censori (secoli 15.-17.)$fGigliola Fragnito 210 $aBologna$cil Mulino$d2019 215 $a325 p.$d22 cm 225 1 $aStorica paperbacks$v215 610 0 $aLibri italiani$aCensura ecclesiastica$aSec. 15.-17. 676 $a303.376$v23$zita 700 1$aFragnito,$bGigliola$0134317 801 0$aIT$bUNINA$gREICAT$2UNIMARC 901 $aBK 912 $a9910724800503321 952 $a303.376 FRAG 01$b2023/785$fFLFBC 952 $aCollez. 2079 (215)$b712/2023$fFSPBC 959 $aFLFBC 959 $aFSPBC 996 $aRinascimento perduto$91761498 997 $aUNINA